Statistics for 1970s Music Trivia

Click here to take the quiz!

General Stats

  • This quiz has been taken 17,667 times
  • The average score is 14 of 20

Answer Stats

Question Answer % Correct
What genre of music was exemplified by "The Hustle" and "Stayin' Alive"?Disco
95%
What popular pop group came from Sweden?ABBA
91%
Who was the most famous reggae singer?Bob Marley
90%
From where can you check out anytime you like, but never leave?Hotel California
89%
Fill in the blank: You're so ____ you probably think this song is about youVain
82%
What band was composed of a cop, a soldier, a construction worker,
a cowboy, a biker, and a Native American?
The Village People
80%
What song was about "the day the music died"?American Pie
78%
What was the last name of siblings Donny and Marie?Osmond
75%
Which singer left The Supremes to start a successful solo career?Diana Ross
75%
What Australian hard rockers did dirty deeds dirt cheap?AC/DC
72%
What album by Pink Floyd charted for 741 consecutive weeks, starting in 1973?The Dark Side of
the Moon
69%
What rhinestone-studded singer frequently performed in Las Vegas?Elvis Presley
69%
What song by Lynyrd Skynyrd became the most-requested song of all time at concerts?Freebird
62%
What band called the Queen a "fascist regime"?The Sex Pistols
59%
Whose grave in Paris has become a popular tourist attraction?Jim Morrison
56%
Who did Bernie Taupin collaborate with?Elton John
51%
Where did Jimmy Buffet search for his lost shaker of salt?Margaritaville
48%
Who sang "The Way We Were"?Barbra Streisand
44%
What genre of music was the club CBGB famous for?Punk
43%
What #1 hit of 1975 was about a bunch of truckers talking on their C.B. radios?Convoy
36%

Score Distribution

Percentile by Number Answered

Percent of People with Each Score

Your Score History

You have not taken this quiz